[Event "Birmingham op"]
[Site "Birmingham"]
[Date "2022.11.19"]
[Round "2"]
[White "Pal, Rohan"]
[Black "Baer, Bruce L"]
[Result "0-1"]
[WhiteElo "2035"]
[BlackElo "2139"]
[PlyCount "84"]
[EventDate "2022.11.19"]
[EventType "swiss"]
[EventRounds "5"]
[EventCountry "ENG"]
[SourceTitle "CBM 211 Extra"]
[Source "ChessBase"]
[SourceDate "2023.01.31"]
[SourceVersion "1"]
[SourceVersionDate "2023.01.31"]
[SourceQuality "1"]

1. e4 g6 2. d4 d6 3. Nc3 Bg7 4. g3 Nc6 5. d5 Ne5 6. h3 a6 7. a4 f5 8. Bg2 Nf6 9. f4 Nf7 10. exf5 gxf5 11. Nge2 h5 12. Nd4 h4 13. Ne6 Bxe6 14. dxe6 Nh6 15. Bxb7 hxg3 16. Qf3 Rb8 17. Bxa6 c6 18. Qxc6+ Kf8 19. a5 d5 20. Bb7 Ne4 21. Nxe4 fxe4 22. a6 Bd4 23. Kf1 Nf5 24. Qxd5 Nh4 25. Qxd8+ Rxd8 26. Bxe4 Ba7 27. b4 Rg8 28. Bg2 Rd1+ 29. Ke2 Rxh1 30. Bxh1 g2 31. Be3 gxh1Q 32. Rxh1 Rg2+ 33. Kd3 Rg3 34. Re1 Ng2 35. Re2 Nxe3 36. Ke4 Nc4 37. Kd5 Nd6 38. c4 Rd3+ 39. Kc6 Nxc4 40. Kb7 Bd4 41. a7 Nd6+ 42. Kc7 Rc3+ 0-1

[Event "GBR-ch Seniors 50 108th"]
[Site "Torquay"]
[Date "2022.08.14"]
[Round "7"]
[White "Baer, Bruce L"]
[Black "Kennedy, Craig"]
[Result "1-0"]
[WhiteElo "1997"]
[BlackElo "1873"]
[PlyCount "78"]
[EventDate "2022.08.08"]
[EventType "swiss"]
[EventRounds "7"]
[EventCountry "ENG"]
[SourceTitle "EXT 2024"]
[Source "ChessBase"]
[SourceDate "2023.10.10"]
[SourceVersion "1"]
[SourceVersionDate "2023.10.10"]
[SourceQuality "1"]

1. Nf3 d5 2. g3 Nd7 3. Bg2 e5 4. d3 Ngf6 5. 0-0 c6 6. e4 dxe4 7. dxe4 Bc5 8. Qe2 0-0 9. h3 Re8 10. Nh4 Nf8 11. c3 a5 12. Nd2 b5 13. Rd1 Qc7 14. g4 Ne6 15. Nf1 b4 16. g5 Nd7 17. Nf5 Ba6 18. Qf3 Ndf8 19. N1g3 Ng6 20. Nh5 Rad8 21. Be3 Bxe3 22. fxe3 Nxg5 23. Qg4 Ne6 24. Bf1 Bxf1 25. Rxf1 Rd2 26. cxb4 axb4 27. Nhxg7 Nxg7 28. Nh6+ Kf8 29. Rxf7+ Qxf7 30. Nxf7 Kxf7 31. h4 Ne6 32. h5 Ne7 33. Rf1+ Nf4 34. Qh4 Rg8+ 35. Kh1 Nf5 36. exf5 Ne2 37. Qc4+ Kg7 38. Rf2 Rd1+ 39. Kg2 Kh6+ 1-0

[Event "GBR-ch Seniors 50 108th"]
[Site "Torquay"]
[Date "2022.08.09"]
[Round "2"]
[White "Mason, Donald"]
[Black "Baer, Bruce L"]
[Result "1/2-1/2"]
[WhiteElo "2104"]
[BlackElo "1997"]
[PlyCount "42"]
[EventDate "2022.08.08"]
[EventType "swiss"]
[EventRounds "7"]
[EventCountry "ENG"]
[SourceTitle "EXT 2024"]
[Source "ChessBase"]
[SourceDate "2023.10.10"]
[SourceVersion "1"]
[SourceVersionDate "2023.10.10"]
[SourceQuality "1"]

1. e4 g6 2. d4 Bg7 3. Nc3 d6 4. Be3 c6 5. f4 d5 6. e5 h5 7. h3 Nh6 8. Nf3 Bf5 9. Be2 e6 10. Bf2 Nd7 11. 0-0 b5 12. Ng5 f6 13. Nf3 0-0 14. Bh4 b4 15. Na4 Qa5 16. exf6 Bxf6 17. Bxf6 Rxf6 18. Ne5 Qxa4 19. Nxd7 Rf7 20. Ne5 Rg7 21. b3 Qa5 1/2-1/2

[Event "Southend Easter op 64th"]
[Site "Southend"]
[Date "2022.04.15"]
[Round "1"]
[White "Ball, Katie C"]
[Black "Baer, Bruce L"]
[Result "0-1"]
[WhiteElo "1307"]
[BlackElo "1992"]
[PlyCount "42"]
[EventDate "2022.04.15"]
[EventType "swiss"]
[EventRounds "7"]
[EventCountry "ENG"]
[SourceTitle "CBM 207 Extra"]
[Source "ChessBase"]
[SourceDate "2022.05.31"]
[SourceVersion "1"]
[SourceVersionDate "2022.05.31"]
[SourceQuality "1"]

1. d4 g6 2. Nc3 Bg7 3. Bf4 d6 4. e4 a6 5. Qd2 b5 6. 0-0-0 Nc6 7. Qe3 Nxd4 8. e5 Ne6 9. Bg3 Bb7 10. Ne4 Nh6 11. exd6 Nf5 12. Qf3 exd6 13. Qd3 0-0 14. Nf3 Bxe4 15. Qxe4 Qf6 16. Qb4 a5 17. Qb3 Nc5 18. Qc3 Qe6 19. Qd2 Qxa2 20. Qe2 Qxb2+ 21. Kd2 Bc3# 0-1